• 首页
  • 本馆介绍
  • 公告通知
  • 最新文献
  • 馆藏检索
  • 电子资源
  • 读者导购
  • 参考咨询
  • 我的图书馆
  • 登录
  • 详细信息显示
  • 放入我的书架
  • 预约/预借图书
  • 作者相关作品
  • 分类相关作品
  • 丛书相关作品
  • 出版社相关作品

书目信息

  • 表格格式
  • 工作单格式
  • 卡片格式
题名:
陈发科太极拳技击讲堂
    
 
作者: 李宝廷 编著
分册:  
出版信息: 北京   人民军医出版社  2009
页数: 238页
开本: 24cm
丛书名:
单 册:
中图分类: G852.111.9
科图分类:
主题词: 太极拳--套路(武术) , 太极拳 , 套路(武术)
电子资源:
ISBN: 978-7-5091-2632-5
000 00805nam0 2200253 45
001 1130206937
005 20110309094124.00
010    @a978-7-5091-2632-5@dCNY33.00
100    @a20110123e2009 em y0chiy50 ea
101 0  @achi
102    @aCN@b110000
105    @aa z 000yy
106    @ar
200 1  @a陈发科太极拳技击讲堂@AChen Fa Ke Tai Ji Quan Ji Ji Jiang Tang@f李宝廷编著@FLi Bao Ting Bian Zhu
210    @a北京@c人民军医出版社@d2009
215    @a238页@c图@d24cm
330    @a本书将太极拳十七代宗师陈发科晚年传授、由洪均生先生定型的太极拳技击编撰成书,共计81招式。
606 0  @a太极拳@x套路(武术)
606 0  @a太极拳
606 0  @a套路(武术)
690    @aG852.111.9@v4
701  0 @a李宝廷@ALi Bao Ting@4编著
801  0 @aCN@bTANGWEI@c20110309
905    @b0530485-88@dG852.111.9@e175@f4
    
    陈发科太极拳技击讲堂/李宝廷编著.-北京:人民军医出版社,2009
    238页:图;24cm
    
    
    ISBN 978-7-5091-2632-5:CNY33.00
    本书将太极拳十七代宗师陈发科晚年传授、由洪均生先生定型的太极拳技击编撰成书,共计81招式。
●
相关链接 在E读中查询图书 在五车中查询图书 在当当中查询图书 在豆瓣中查询图书


正题名:陈发科太极拳技击讲堂     索取号:G852.111.9/175         预约/预借

序号 登录号 条形码 馆藏地/架位号 状态 备注
1 0530485   205304856   第一样本阅览室/ [索取号:G852.111.9/175] 在馆    
2 0530486   205304865   密集书库-体育系/ [索取号:G852.111.9/175] 在馆    
3 0530487   205304874   第四借阅区/ [索取号:G852.111.9/175] 在馆    
4 0530488   205304883   第四借阅区/ [索取号:G852.111.9/175] 在馆    
唐山师范学院图书馆 欢迎您!
大连网信软件有限公司© 版权所有